| 000 | 01158nac a22003251u 4500 | ||
|---|---|---|---|
| 003 | EG-ScBUE | ||
| 005 | 20220227100002.0 | ||
| 008 | 110530s2006 ua f 000 f eeng d | ||
| 020 | _a9774163095 | ||
| 020 | _a9789774163098 | ||
| 040 |
_aEG-ScBUE _beng _erda _cEG-ScBUE _dEG-ScBUE |
||
| 082 | 0 | 4 |
_a892.736 _bAID _222 |
| 100 | 1 |
_aʻĀyidī, Aḥmad, _eauthor. _924456 |
|
| 240 | 1 | 0 |
_aTakuna Abbas al-Abd. _lEnglish |
| 245 | 1 | 0 |
_aBeing Abbas El Abd / _bAhmed Alaidy ; translated by Humphrey Davies. |
| 264 | 1 |
_aCairo : _bThe American University in Cairo Press, _c2006. |
|
| 300 |
_a132 pages ; _c15 cm. |
||
| 336 |
_2rdacontent _atext _btxt |
||
| 337 |
_2rdamedia _aunmediated _bn |
||
| 338 |
_2rdacarrier _avolume _bnc |
||
| 490 | 0 | _aModern Arabic literature | |
| 500 | _aOriginally published in Arabic: 2003, as An Takun 'Abbas al-'Abd | ||
| 546 | _aText in English ; translated from The original Arabic. | ||
| 650 | _2BUEsh | ||
| 651 | 7 |
_aCairo (Egypt) _xSocial life and customs _vFiction. _924463 _2BUEsh |
|
| 653 |
_cMay2011 _bARALIT |
||
| 655 |
_aArabic fiction _vReading book |
||
| 700 | 1 |
_aDavies, Humphrey, _etranslator. _924464 |
|
| 942 |
_cBB _2ddc |
||
| 999 |
_c3221 _d3221 |
||